000 00542nam a2200217Ia 4500
008 200601s9999 xx 000 0 und d
020 _a73528420
050 _aREF HD 62.4
050 _b.I58 2007
245 0 _aInternational business /
245 0 _cFred Maidment, editor.
250 _a14th Edition
260 _aNew York :
260 _bMcGraw-Hill.,
260 _c2007
300 _a191 pages :
300 _c28 cm.
440 _aAnnual editions
500 _aInclude index.
650 _aInternational business enterprises.
999 _c363344
_d363344